What was it called Before? - Statistics

General Stats
  • This quiz has been taken 9 times
  • The average score is 7 of 22
Answer Stats
DATE Answer % Correct
1830-1848 Kingdom of France
75%
1815-1830 Kingdom of France
75%
1190-1792 Kingdom of France
75%
1958-Present French fifth Republic
63%
1946-1958 French fourth Republic
63%
1870-1940 French third Republic
63%
c.1300 B.C - 52 B.C. Gaul
63%
1804-1814 First French Empire
50%
1852-1870 Second French Empire
50%
1792-1804 French First Republic
38%
1848-1852 Second French Republic
38%
800-887 Carolingian Empire
13%
987-1190 Kingdom of the Franks
13%
613-800 Kingdom of the Franks
13%
481-613 Kingdom of the Franks
13%
52 B.C.-314 Roman Empire
13%
843-987 West Francia
13%
314-450 Diocese of Gaul
0%
1940-1944 German military Administration
0%
450-481 Kingdom of Soissons
0%
558-613 Neustria
0%
1944-1946 Provisional Government of the French Republic
0%
No matching quizzes found
Score Distribution
Percent of People with Each Score
Percentile by Number Answered
Your Score History
You have not taken this quiz